Marrying in South Asia:shifting concepts, changing practices in a globalizing world (Record no. 443541)

000 -LEADER
fixed length control field 00439cam a22001337a 4500
008 - FIXED-LENGTH DATA ELEMENTS--GENERAL INFORMATION
fixed length control field 180718b2014 xxu||||| |||| 00| 0 eng d
020 ## - INTERNATIONAL STANDARD BOOK NUMBER
International Standard Book Number 9788125053552
082 ## - DEWEY DECIMAL CLASSIFICATION NUMBER
Classification number B141x54 K166
245 ## - TITLE STATEMENT
Title Marrying in South Asia:shifting concepts, changing practices in a globalizing world
Statement of responsibility, etc. edited by Ravinder Kaur and Rajni Palriwala
260 ## - PUBLICATION, DISTRIBUTION, ETC.
Place of publication, distribution, etc. New Delhi
Name of publisher, distributor, etc. Orient
Date of publication, distribution, etc. 2014
300 ## - PHYSICAL DESCRIPTION
Extent 420p.
700 ## - ADDED ENTRY--PERSONAL NAME
Personal name Palriwala, Rajni
700 ## - ADDED ENTRY--PERSONAL NAME
Personal name Kaur, Ravinder
Holdings
Withdrawn status Lost status Damaged status Not for loan Permanent Location Current Location Date acquired Full call number Barcode Date last seen Price effective from Koha item type
        Indian Institute of Public Administration Indian Institute of Public Administration 2014-01-28 B141x54 K166 85452 2018-07-21 2018-07-21 Book

Powered by Koha